Classic Movies by Haiku Quiz Stats

 Plays Quiz Updated Jul 19, 2018

Also try: Movie Plot Haikus
Challenge
Share
Tweet
Embed
Score 0/35 Timer 10:00
0 Plays Today
Haiku Movie Title % Correct
Squash a Wicked Witch,
Follow a yellow brick road...
'There's no place like home!'
The Wizard of Oz
98.7%
Graverobbing doctor
Usurps creation's power
And cries, 'It's alive!'
Frankenstein
94%
Swashbuckler in green
Robs from rich and gives to poor.
'Welcome to Sherwood.'
The Adventures of Robin Hood
88.6%
'Mrs. Robinson,
You're trying to seduce me.
Aren't you?' Ben asks.
The Graduate
75.3%
A buff Kirk Douglas
Leads slave revolt against Rome.
'I AM _________!'
Spartacus
71.1%
Captured in jungle,
The Eighth Wonder of the World!
Beauty killed this beast.
King Kong
70.9%
Rick's gone cynical,
His heart broken in Paris.
'Of all the gin joints...'
Casablanca
70.3%
Inclement weather
Just can't stop Gene Kelly's feet.
Classic dance ensues.
Singin' in the Rain
69.6%
Condemned galley slave
Rises to race chariots.
Betrayal avenged.
Ben-Hur
68.6%
Dying word, 'Rosebud'
The mysterious key to
Newspaper tycoon.
Citizen Kane
68%
McMurphy struggles
To disrupt Nurse Ratched's ward.
Ends lobotomized.
One Flew Over the Cuckoo's Nest
65.9%
Working at Macy's,
Kris Kringle's saved in court by
The postal service.
Miracle on 34th Street
63.2%
My mind is going.
Dave. I can feel it. Stop, Dave.
HAL 9000 fades...
2001: A Space Odyssey
62.7%
When Travis Bickle
Asks, 'Are you talkin' to me?'
You might want to run.
Taxi Driver
59.6%
When treasure hunting,
Don't mess with Yahweh's power.
Or evil Nazis.
Raiders of the Lost Ark
59.5%
Stewart...bored...in cast,
Speculates what he sees through
His binoculars.
Rear Window
58.1%
Reliable George
Wishes he was never born.
Clarence proves he's wrong.
It's a Wonderful Life
57.1%
The helicopters
Blare 'Ride of the Valkyries.'
Attack to Wagner.
Apocalypse Now
50.5%
Haiku Movie Title % Correct
Longshoreman Brando
Coulda been a contender
Instead of a bum.
On the Waterfront
50.4%
Preserve and protect
Precious bodily fluids.
No fights in War Room!
Dr. Strangelove or: How I Learned to Stop Worrying and Love the Bomb
49.8%
Gypsy dancer gone.
'Would that I were made of stone...'
Bell-ringer laments.
The Hunchback of Notre Dame
49.1%
Jack Lemmon reveals
He's really a man in drag.
'Nobody's perfect!'
Some Like It Hot
46.2%
Tevye the milkman
Holds on to his traditions
But world keeps changing.
Fiddler on the Roof
43.8%
Mad Norma Desmond
Is ready for her close-up.
They had FACES then.
Sunset Boulevard
38.9%
Elderberry wine
Served by two sweet old ladies
Just may prove fatal.
Arsenic and Old Lace
38.4%
The stolen money
Sinks, ignored, with the body.
'Oh, Mother...the blood!'
Psycho
36.4%
Poor, bored Princess Anne
Needs a royal vacation -
Cuts hair, rides Vespa.
Roman Holiday
32.4%
Elusive black bird.
'The stuff that dreams are made of.'
Famous MacGuffin.
The Maltese Falcon
32%
Gable and Colbert
Compare hitch-hiking techniques.
Her leg beats his thumb.
It Happened One Night
25.8%
Divine decadence
In 1930s Berlin.
Just beware, mein herr!
Cabaret
25.5%
Margo Channing learns
Understudy's ambitious.
'Fasten your seatbelts...'
All About Eve
24.7%
Poor rich Tracy Lord!
Cary Grant or James Stewart?
What's a girl to do?
The Philadelphia Story
24.6%
Astaire is wearing
Top hat, white tie, tails. Rogers?
Backwards in high heels!
Top Hat
20.2%
Bacall meets Bogey,
'Anybody got a match?'
And a star was born.
To Have and Have Not
14.6%
Just remember this:
The vessel with the pestle
Holds brew that is true.
The Court Jester
7.6%

You're not logged in!

Compare scores with friends on all Sporcle quizzes.
OR
Log In

You Might Also Like...

Show Comments

Extras

Top Quizzes Today


Score Distribution

Your Account Isn't Verified!

In order to create a playlist on Sporcle, you need to verify the email address you used during registration. Go to your Sporcle Settings to finish the process.

Report this User

Report this user for behavior that violates our Community Guidelines.

Details: